00298nam a2200109Ia 4500008004100000020001800041082001900059100002000078245004600098260003500144300000900179210430s9999 xx 000 0 und d a0-7506-5155-5 a660.29 A 346 T aC.B.Alcock DSC, aThermochemical ProcessescC.B.Alcock DSC, aJordan HillbPlanta Treec2001 a386p